书目信息 |
| 题名: |
开发商决策论
|
|
| 作者: | 徐顺喜 , 孙德宏 著 | |
| 分册: | ||
| 出版信息: | 北京 中国建筑工业出版社 1996.12 |
|
| 页数: | 252页 | |
| 开本: | 32开 | |
| 丛书名: | ||
| 单 册: | ||
| 中图分类: | F293.3 | |
| 科图分类: | ||
| 主题词: | 城市经济 , 市政经济 | |
| 电子资源: | ||
| ISBN: | 7-112-03091-9 | |
| 000 | 00609nam0 2200217 45 | |
| 001 | 0102221054 | |
| 005 | 20010222104845.4 | |
| 010 | @a7-112-03091-9@d20.00元 | |
| 100 | @a20010222d1996 km y0chiy0120 ea | |
| 101 | 0 | @achi |
| 105 | @a z 000yy | |
| 200 | 1 | @a开发商决策论@AKai Fa Shang Jue Ce Lun@f徐顺喜,孙德宏著@FXu Shun Xi,Sun De Hong Zhu |
| 210 | @a北京@c中国建筑工业出版社@d1996.12 | |
| 215 | @a252页@d32开 | |
| 606 | 0 | @a城市经济 |
| 606 | 0 | @a市政经济 |
| 690 | @aF293.3@v3 | |
| 701 | 0 | @a徐顺喜@4著 |
| 701 | 0 | @a孙德宏@4著 |
| 801 | @aCN@bPftUser@c20010222 | |
| 905 | @b323660-662@dF293.3@eX899@f3 | |
| 开发商决策论/徐顺喜,孙德宏著.-北京:中国建筑工业出版社,1996.12 |
| 252页;32开 |
| ISBN 7-112-03091-9:20.00元 |
| ● |
| 相关链接 |
|
|
|
正题名:开发商决策论
索取号:F293.3/X899
 
预约/预借
| 序号 | 登录号 | 条形码 | 馆藏地/架位号 | 状态 | 备注 |
| 1 | 323660 | 203236603 | 社科库409/409社科库 108排2列5层/ [索取号:F293.3/X899] | 在馆 | |
| 2 | 323661 | 203236612 | 社科库409/409社科库 108排2列5层/ [索取号:F293.3/X899] | 在馆 | |
| 3 | 323662 | 203236621 | 社科库409/409社科库 108排2列5层/ [索取号:F293.3/X899] | 在馆 |